Použití fázového závěsu při řízení tyristorového usměrňovače

Bibliographic Details
Main Authors: Mráz, Zdeněk (Author), Kolačný, Josef (Author)
Format: Article
Language:Slovak
Czech
PhysicalDescription:Obr. 4. Sch. 5. Res. rus., nem., angl., lit. 7 zázn. v češ., nem., angl.
Subjects:

MARC

LEADER 00000nab a2200000 a 4500
001 vtls000214692
003 SK-MaSNL
005 20260304065432.0
008 250422c1985 xo 0 slo
015 |a SNBRB19rr/mm-uuuuu 
035 |a CL0224806 
035 |a urn:nbn:sk:snk-abd0bj 
035 |a (urnnbn)urn:nbn:sk:snk:ar-006uqd 
035 |a (uuid)e02f1772-12e8-4b3a-a22a-940a6e8c139d 
040 |a SNKBUCL  |b slo  |c SNKBUCL  |e AACR2 
041 0 |a cze 
044 |a xo  |c SK 
080 |a 621.314.6.076  |2 1981 
100 1 |a Mráz, Zdeněk  |4 aut  |9 340018 
245 1 0 |a Použití fázového závěsu při řízení tyristorového usměrňovače  |c Zdeněk Mráz, Josef Kolačný 
300 |b Obr. 4. Sch. 5. Res. rus., nem., angl., lit. 7 zázn. v češ., nem., angl. 
650 0 7 |a usmerňovače tyristorové  |2 snkbucl  |9 1154608 
655 7 |a články z novín a časopisov  |2 snkbucl  |9 267496 
700 1 |a Kolačný, Josef  |4 aut  |9 816506 
773 0 |t Elektrotechnický časopis  |g Roč. 36, č. 4 (1985), s. 306-315 
850 |a Slovenská národná knižnica 
852 |a Slovenská národná knižnica 
954 |a odborná, vedecká literatúra cudzojazyčná (svetová)  |2 lita 
958 |a article17 
958 |a OND 
958 |a NB 
958 |a RK 
958 |a CZ 
958 |a EUIPO 
992 |a RBX 
999 |c 2750778  |d 2752708